000 00618nam a2200217Ia 4500
003 OSt
005 20220925195559.0
006 a|||||r|||| 00| 0
007 ta
008 220923b |||||||| |||| 00| 0 eng d
037 _cGeneral Book
040 _aRTL
_cRTL
_beng
041 _2eng
_aeng
082 _aR2xM44:g, M4/SC
100 _aSCHUTTE Ofelia
_978775
245 0 _aBeyond nihilism
_b Nietzshe without marks.
260 _aChicago
_bUniversity of Chicago
_c1962
300 _axiii,233p.
_ccm.
942 _hR2xM44:g, M4/SC
_cGB
_2CC
999 _c533507
_d533507